<?xml version="1.0" encoding="UTF-8"?>
<record
    xmlns:xsi="http://www.w3.org/2001/XMLSchema-instance"
    xsi:schemaLocation="http://www.loc.gov/MARC21/slim http://www.loc.gov/standards/marcxml/schema/MARC21slim.xsd"
    xmlns="http://www.loc.gov/MARC21/slim">

  <leader>00685cam a22001931  4500</leader>
  <controlfield tag="003">BD-RjUL</controlfield>
  <controlfield tag="005">20230816131221.0</controlfield>
  <controlfield tag="008">230816s1972    ii            000 0 urdo </controlfield>
  <datafield tag="035" ind1=" " ind2=" ">
    <subfield code="a">(BD-RjUL)</subfield>
  </datafield>
  <datafield tag="040" ind1=" " ind2=" ">
    <subfield code="a">DLC</subfield>
    <subfield code="c">MiU</subfield>
    <subfield code="d">DLC</subfield>
    <subfield code="b">eng</subfield>
  </datafield>
  <datafield tag="041" ind1=" " ind2=" ">
    <subfield code="a">urd</subfield>
  </datafield>
  <datafield tag="082" ind1=" " ind2=" ">
    <subfield code="2">23</subfield>
    <subfield code="a">610.938</subfield>
    <subfield code="b">CHH 1972</subfield>
  </datafield>
  <datafield tag="100" ind1="0" ind2=" ">
    <subfield code="a">Ch&#x101;np&#x16B;r&#x12B;, Kaus&#x332;ar  ;; &#x686;&#x627;&#x646;&#x62F; &#x67E;&#x648;&#x631;&#x6CC;, &#x6A9;&#x648;&#x62B;&#x631;;  </subfield>
    <subfield code="d">1904-1990.</subfield>
    <subfield code="9">8367</subfield>
  </datafield>
  <datafield tag="245" ind1="1" ind2="0">
    <subfield code="a">&#x62D;&#x6A9;&#x64A;&#x645; &#x627;&#x62C;&#x645;&#x644; &#x62E;&#x627;&#x6BA; / &#x1E24;ak&#x12B;m Ajmal K&#x332;h&#x332;&#x101;n&#x332; /</subfield>
    <subfield code="c">Kauthar Chand Puri   ;;    &#x6A9;&#x648;&#x62B;&#x631; &#x686;&#x627;&#x646;&#x62F; &#x67E;&#x648;&#x631;&#x6CC;</subfield>
  </datafield>
  <datafield tag="300" ind1=" " ind2=" ">
    <subfield code="a">223 p.</subfield>
    <subfield code="b">illus., geneal. table.</subfield>
    <subfield code="c">18 cm.</subfield>
  </datafield>
  <datafield tag="600" ind1="1" ind2="0">
    <subfield code="a">Ajmal K&#x332;h&#x332;&#x101;n, Mu&#x1E25;ammad,</subfield>
    <subfield code="d">1863-1927.</subfield>
    <subfield code="9">8368</subfield>
  </datafield>
  <datafield tag="650" ind1=" " ind2=" ">
    <subfield code="a">Medicine,</subfield>
    <subfield code="z">Greek and Roman</subfield>
    <subfield code="9">8369</subfield>
  </datafield>
  <datafield tag="942" ind1=" " ind2=" ">
    <subfield code="2">ddc</subfield>
    <subfield code="c">BK</subfield>
  </datafield>
  <datafield tag="999" ind1=" " ind2=" ">
    <subfield code="c">81699</subfield>
    <subfield code="d">81699</subfield>
  </datafield>
  <datafield tag="952" ind1=" " ind2=" ">
    <subfield code="0">0</subfield>
    <subfield code="1">0</subfield>
    <subfield code="2">ddc</subfield>
    <subfield code="4">0</subfield>
    <subfield code="7">1</subfield>
    <subfield code="8">NFIC</subfield>
    <subfield code="a">RUCL</subfield>
    <subfield code="b">RUCL</subfield>
    <subfield code="c">Reading</subfield>
    <subfield code="d">1983-12-22</subfield>
    <subfield code="e"> india international </subfield>
    <subfield code="g">8.00</subfield>
    <subfield code="o">U 610.938 CHH 1972</subfield>
    <subfield code="r">2023-08-16 00:00:00</subfield>
    <subfield code="t">C-1</subfield>
    <subfield code="y">BK</subfield>
  </datafield>
  <datafield tag="952" ind1=" " ind2=" ">
    <subfield code="0">0</subfield>
    <subfield code="1">0</subfield>
    <subfield code="2">ddc</subfield>
    <subfield code="4">0</subfield>
    <subfield code="7">0</subfield>
    <subfield code="8">NFIC</subfield>
    <subfield code="a">RUCL</subfield>
    <subfield code="b">RUCL</subfield>
    <subfield code="c">GEN</subfield>
    <subfield code="d">1983-12-22</subfield>
    <subfield code="e">Asiatic book Agency Calcattal </subfield>
    <subfield code="g">6.00</subfield>
    <subfield code="o">U 610.938 CHH 1972</subfield>
    <subfield code="r">2023-08-16 00:00:00</subfield>
    <subfield code="t">C-2</subfield>
    <subfield code="y">BK</subfield>
  </datafield>
</record>
